Overwatch - Tank, Dégats, Soin ? - Statistiques

Statistiques générales
  • Ce quiz a été pris 779 fois
  • Le résultat moyen est 14 sur 15
Statistiques - réponses
Question Réponse % Correct
Ange Soin
100%
Faucheur Dégâts
99%
Reinhart Tank
99%
Chacal Dégâts
98%
DVA Tank
98%
Ashe Dégâts
97%
Bastion Dégâts
96%
Sojourn Dégâts
96%
Ana Soin
96%
Orisa Tank
96%
Torbjörn Dégâts
95%
Baptiste Soin
94%
Kiriko Soin
94%
Zarya Tank
94%
Ilari Soin
89%
Aucun quiz correspondant
Distribution des résultats
% des personnes avec chaque résultat
Percentile par nombre de réponses
Votre historique - résultats
Vous n’avez pas pris ce quiz